Principles Of Electronics (Record no. 294102)

MARC details
000 -LEADER
fixed length control field 00392nam a2200157Ia 4500
008 - FIXED-LENGTH DATA ELEMENTS--GENERAL INFORMATION
fixed length control field 230718s9999 xx 000 0 und d
041 ## - LANGUAGE CODE
Language code of text/sound track or separate title eng
082 ## - DEWEY DECIMAL CLASSIFICATION NUMBER
Classification number 621.381
Item number MEH
100 ## - MAIN ENTRY--PERSONAL NAME
Personal name Mehta V.K.
245 ## - TITLE STATEMENT
Title Principles Of Electronics
260 ## - PUBLICATION, DISTRIBUTION, ETC. (IMPRINT)
Date of publication, distribution, etc. 1995
Name of publisher, distributor, etc. S.Chand And Company Ltd.
300 ## - PHYSICAL DESCRIPTION
Extent 488
365 ## - TRADE PRICE
Currency code Rs.
Price amount 80.00
700 ## - ADDED ENTRY--PERSONAL NAME
Personal name Mehta V.K.
906 ## - LOCAL DATA ELEMENT F, LDF (RLIN)
d B:20015-Sep-1995
c ETC
b 12
Holdings
Withdrawn status Lost status Damaged status Not for loan Home library Current library Date acquired Vendor Budget Code Cost, normal purchase price Bill number Total Checkouts Full call number Barcode Date last seen Discount Cost, replacement price Bill Date Koha item type Original Barcode
        Cummins College of Engineering for Women Pune Cummins College of Engineering for Women Pune 18/09/1995 Pradeep Book Distributors ETC 68.00 200   621.381 CCEP-BK-5307 18/07/2023 12 80.00 15/09/1995 Books 005307